<?xml version="1.0" encoding="UTF-8"?>
<record
    xmlns:xsi="http://www.w3.org/2001/XMLSchema-instance"
    xsi:schemaLocation="http://www.loc.gov/MARC21/slim http://www.loc.gov/standards/marcxml/schema/MARC21slim.xsd"
    xmlns="http://www.loc.gov/MARC21/slim">

  <leader>01542nam a22003377a 4500</leader>
  <controlfield tag="005">20100918154917.0</controlfield>
  <controlfield tag="007">sd ammalaaahaa</controlfield>
  <controlfield tag="008">100904t        xxu||||| |||| 00| 0 hin d</controlfield>
  <datafield tag="028" ind1=" " ind2=" ">
    <subfield code="a">2392 456</subfield>
    <subfield code="b">Music India</subfield>
  </datafield>
  <datafield tag="028" ind1=" " ind2=" ">
    <subfield code="a">2392 456</subfield>
    <subfield code="b">Music India</subfield>
  </datafield>
  <datafield tag="028" ind1=" " ind2=" ">
    <subfield code="a">2392 456</subfield>
    <subfield code="b">Music India</subfield>
  </datafield>
  <datafield tag="035" ind1=" " ind2=" ">
    <subfield code="a">GR-03596</subfield>
  </datafield>
  <datafield tag="040" ind1=" " ind2=" ">
    <subfield code="a">SED/VEN</subfield>
  </datafield>
  <datafield tag="100" ind1=" " ind2=" ">
    <subfield code="9">1184</subfield>
    <subfield code="a">Bhosle, Asha</subfield>
  </datafield>
  <datafield tag="245" ind1=" " ind2=" ">
    <subfield code="a">Sohni Mahiwal (Part-1)</subfield>
    <subfield code="b">Hindi Film /</subfield>
    <subfield code="c">by Asha Bhosle &amp; Shabeer Kumar; Music by Annu Malik; Lyric by Anand Bakshi</subfield>
    <subfield code="h">[Sound Recording] :</subfield>
  </datafield>
  <datafield tag="246" ind1=" " ind2=" ">
    <subfield code="a">&#x938;&#x94B;&#x939;&#x928;&#x940; &#x92E;&#x939;&#x93F;&#x935;&#x93E;&#x932; (&#x906;&#x936;&#x93E; &#x92D;&#x94B;&#x938;&#x932;&#x947; &#x914;&#x930; &#x936;&#x92C;&#x94D;&#x92C;&#x940;&#x930; &#x915;&#x941;&#x92E;&#x93E;&#x930;)</subfield>
  </datafield>
  <datafield tag="250" ind1=" " ind2=" ">
    <subfield code="a">P-1981</subfield>
  </datafield>
  <datafield tag="260" ind1=" " ind2=" ">
    <subfield code="a">Dum Dum, India</subfield>
    <subfield code="b">Music India</subfield>
  </datafield>
  <datafield tag="300" ind1=" " ind2=" ">
    <subfield code="a">1 sound disc [Gramophone Recording] :</subfield>
    <subfield code="b">analog, 33 1/3 rpm ;</subfield>
    <subfield code="c">12 in. [LP]</subfield>
    <subfield code="f">Gramophone Records</subfield>
  </datafield>
  <datafield tag="500" ind1=" " ind2=" ">
    <subfield code="a">Brief Records</subfield>
  </datafield>
  <datafield tag="500" ind1=" " ind2=" ">
    <subfield code="a">Record Labels: Music India, Red</subfield>
  </datafield>
  <datafield tag="505" ind1=" " ind2=" ">
    <subfield code="a">Song Side-1; &#x938;&#x94B;&#x939;&#x928;&#x940; &#x91A;&#x947;&#x928;&#x93E;&#x92C; &#x926;&#x947; &#x915;&#x93F;&#x928;&#x93E;&#x930;&#x947; (&#x938;&#x94B;&#x939;&#x928;&#x940; &#x92E;&#x939;&#x93F;&#x935;&#x93E;&#x932;) (&#x905;&#x928;&#x941;&#x92A;&#x92E;&#x93E; &#x914;&#x930; &#x91A;&#x94B;&#x930;&#x938;), Song Side-2; &#x92C;&#x94B;&#x932; &#x926;&#x94B; &#x92E;&#x940;&#x920;&#x947; &#x92C;&#x94B;&#x932; &#x938;&#x94B;&#x928;&#x93F;&#x92F;&#x947; (&#x906;&#x936;&#x93E; &#x92D;&#x94B;&#x938;&#x932;&#x947; &#x914;&#x930; &#x936;&#x92C;&#x94D;&#x92C;&#x940;&#x930; &#x915;&#x941;&#x92E;&#x93E;&#x930;) (&#x92D;&#x93E;&#x917;-2)</subfield>
  </datafield>
  <datafield tag="600" ind1=" " ind2=" ">
    <subfield code="9">20259</subfield>
    <subfield code="a">Bhosle, Asha</subfield>
  </datafield>
  <datafield tag="610" ind1=" " ind2=" ">
    <subfield code="9">20322</subfield>
  </datafield>
  <datafield tag="650" ind1=" " ind2=" ">
    <subfield code="a">Classical Music</subfield>
    <subfield code="x">Excerpts</subfield>
    <subfield code="z">India</subfield>
    <subfield code="9">18309</subfield>
  </datafield>
  <datafield tag="700" ind1=" " ind2=" ">
    <subfield code="9">18319</subfield>
    <subfield code="a">Shabeer Kumar</subfield>
  </datafield>
  <datafield tag="700" ind1=" " ind2=" ">
    <subfield code="a">Anupama</subfield>
    <subfield code="9">20715</subfield>
  </datafield>
  <datafield tag="700" ind1=" " ind2=" ">
    <subfield code="a">Chorus</subfield>
    <subfield code="9">20722</subfield>
  </datafield>
  <datafield tag="942" ind1=" " ind2=" ">
    <subfield code="2">ddc</subfield>
    <subfield code="c">GR</subfield>
  </datafield>
  <datafield tag="999" ind1=" " ind2=" ">
    <subfield code="c">46827</subfield>
    <subfield code="d">46827</subfield>
  </datafield>
  <datafield tag="952" ind1=" " ind2=" ">
    <subfield code="0">0</subfield>
    <subfield code="1">0</subfield>
    <subfield code="2">ddc</subfield>
    <subfield code="4">0</subfield>
    <subfield code="7">1</subfield>
    <subfield code="8">NFIC</subfield>
    <subfield code="a">L</subfield>
    <subfield code="b">DBAD</subfield>
    <subfield code="c">AV</subfield>
    <subfield code="d">2010-09-18</subfield>
    <subfield code="e">SED/VEN</subfield>
    <subfield code="l">0</subfield>
    <subfield code="p">GR-03596</subfield>
    <subfield code="r">2010-09-18 00:00:00</subfield>
    <subfield code="t">1</subfield>
    <subfield code="w">2010-09-18</subfield>
    <subfield code="y">GR</subfield>
  </datafield>
</record>
